|
|
|
|
| LEADER |
00000cam a2200000 7i4500 |
| 001 |
0000000539 |
| 005 |
20000828.0 |
| 020 |
0 |
0 |
|a 877623635
|
| 090 |
0 |
0 |
|a 363.728
|b MID 1984
|
| 110 |
1 |
0 |
|a MID-Atlantic Industrial Waste Conference
|i 16th
|
| 245 |
1 |
0 |
|a Toxic and hazardous wastes :
|b Proceedings of the ...
|c edited by Michael D. LaGrega, David A. Long
|
| 260 |
0 |
0 |
|a Lancaster, PA :
|b Technomic Publ. ,
|c 1984
|
| 300 |
|
|
|a xiii, 587 p. ;
|c 23 cm.
|
| 500 |
0 |
0 |
|a Includes index
|
| 650 |
0 |
0 |
|a Hazardous wastes
|x Congresses
|
| 700 |
0 |
1 |
|a LaGrega
|h Michael D.
|
| 700 |
0 |
1 |
|a Long
|h David A.
|
| 999 |
|
|
|a 0000000347
|b Monograph
|c Open Shelf
|e Default branch
|